Geography Quiz

Random Geography or City Quiz

100 Largest UK Cities Quiz Stats

Quiz Updated Jun 26, 2017

Challenge
Share
Tweet
Embed
Score 0/100 Timer 12:00
42 Plays Today
Rank City / Town % Correct
1London
98.7%
7Manchester
95.4%
2Birmingham
93.3%
4Liverpool
92.9%
3Glasgow
92.2%
9Edinburgh
90.1%
12Cardiff
87.8%
8Leeds
87.7%
18Newcastle upon Tyne
85.5%
5Bristol
81.7%
33Swansea
78.6%
20Southampton
78.6%
41Oxford
78.5%
16Belfast
78.4%
6Sheffield
78%
28Aberdeen
77%
47Cambridge
76.9%
14Nottingham
75.8%
44York
75.7%
21Portsmouth
75.3%
10Leicester
74.4%
31Norwich
73.6%
23Brighton and Hove
73.6%
15Kingston upon Hull
71.4%
22Plymouth
70.8%
61Exeter
67.5%
19Derby
66%
36Sunderland
65.5%
24Reading
64%
13Coventry
64%
11Bradford
63.4%
48Ipswich
63.2%
98Chester
63%
86Bath
63%
Rank City / Town % Correct
17Stoke-on-Trent
62.7%
45Blackpool
62.5%
46Dundee
62.4%
27Wolverhampton
60.4%
25Northampton
58%
30Bournemouth
57.4%
79Lincoln
54.7%
51Gloucester
53.8%
29Bolton
53.1%
35Middlesbrough
51.3%
37Milton Keynes
50.8%
26Luton
50.2%
40Peterborough
48.7%
32Swindon
48.5%
82Preston
48.4%
59Blackburn
47.5%
80Worcester
46.9%
54Newport
46.8%
58Colchester
46%
63Doncaster
45%
77Wigan
44.9%
39Huddersfield
44.9%
53Watford
43.2%
34Southend-on-Sea
40.4%
94Grimsby
39.3%
83Oldham
37.6%
60Cheltenham
37.5%
89Barnsley
37.2%
76Salford
36.7%
64Rotherham
36%
42Slough
35.9%
43Poole
35.4%
73Stockport
34.9%
62Chelmsford
34.8%
Rank City / Town % Correct
95Halifax
34.5%
81Wakefield
33.6%
93Chesterfield
33.5%
96Bedford
33.2%
38Warrington
32.4%
92Hartlepool
31.6%
68Rochdale
30%
69Maidstone
30%
87Darlington
29.6%
65Eastbourne
28.6%
90Hastings
28.5%
72Crawley
27.7%
88Southport
27.5%
75Gillingham
27.5%
70Basingstoke
27.4%
74Woking
27.2%
50Telford
27.2%
91Stevenage
27.1%
57Gateshead
26%
56High Wycombe
25.8%
78Saint Helens
25.2%
55Solihull
24.7%
99Weston-Super-Mare
24.6%
100Stockton-on-Tees
23.7%
49Birkenhead
23.6%
52Sale
22.4%
71Basildon
20.9%
85Hemel Hempstead
20.6%
97Nuneaton
20.1%
67Sutton Coldfield
19.9%
66Worthing
19.7%
84Rayleigh
15.3%

You're not logged in!

Compare scores with friends on all Sporcle quizzes.
Sign Up with Email
OR
Log In

You Might Also Like...

Show Comments

Extras

Top Quizzes Today


Score Distribution

Your Account Isn't Verified!

In order to create a playlist on Sporcle, you need to verify the email address you used during registration. Go to your Sporcle Settings to finish the process.

Report this User

Report this user for behavior that violates our Community Guidelines.

Details: